[Event "Reykjavik op"]
[Site "Reykjavik"]
[Date "2025.04.15"]
[Round "9"]
[White "Hallsson, Jon Eggert"]
[Black "Storsanden, Aksel Larsen"]
[Result "1-0"]
[WhiteElo "1869"]
[BlackElo "1676"]
[PlyCount "47"]
[EventDate "2025.04.09"]
[EventType "swiss"]
[EventRounds "9"]
[EventCountry "ISL"]
[SourceTitle "CB17_2025"]
[SourceDate "2025.04.23"]
[SourceVersion "1"]
[SourceVersionDate "2025.04.23"]
[SourceQuality "1"]

1. e4 c6 2. Nf3 d5 3. Nc3 dxe4 4. Nxe4 Nd7 5. Qe2 Ndf6 6. d4 Nxe4 7. Qxe4 Nf6 8. Qd3 Bg4 9. Be2 e6 10. Bf4 Bd6 11. Ne5 Bxe2 12. Qxe2 Qc7 13. 0-0 0-0 14. c4 Nd7 15. Rfe1 c5 16. dxc5 Nxc5 17. b4 Nd7 18. Nxd7 Bxf4 19. Nxf8 Rxf8 20. g3 Bh6 21. c5 g6 22. Rad1 Bg5 23. Qb5 a6 24. Rd7 1-0

[Event "Reykjavik op"]
[Site "Reykjavik"]
[Date "2025.04.14"]
[Round "8"]
[White "Donath, Simon"]
[Black "Hallsson, Jon Eggert"]
[Result "1-0"]
[WhiteElo "1761"]
[BlackElo "1869"]
[PlyCount "111"]
[EventDate "2025.04.09"]
[EventType "swiss"]
[EventRounds "9"]
[EventCountry "ISL"]
[SourceTitle "CB17_2025"]
[SourceDate "2025.04.23"]
[SourceVersion "1"]
[SourceVersionDate "2025.04.23"]
[SourceQuality "1"]

1. e4 e6 2. d4 d5 3. Nd2 Nf6 4. e5 Nfd7 5. Bd3 c5 6. c3 Nc6 7. Ne2 cxd4 8. cxd4 f6 9. exf6 Nxf6 10. Nf3 Bd6 11. 0-0 0-0 12. Bg5 Qc7 13. Qc2 h6 14. Bh4 Nh5 15. Bg3 Nxg3 16. Nxg3 Qe7 17. Rfe1 Nb4 18. Bh7+ Kh8 19. Qb1 Bd7 20. Nf5 Rxf5 21. Bxf5 Rf8 22. Ne5 Bxe5 23. Rxe5 Nc6 24. Bd3 Nxe5 25. dxe5 Qg5 26. Qe1 Rc8 27. g3 Rf8 28. Qb4 Rf3 29. Be2 Rf7 30. Qxb7 Qxe5 31. Bd3 Qd6 32. Rc1 g5 33. Bg6 Rf8 34. Rc7 Rd8 35. Qxa7 d4 36. Be8 Rc8 37. Rxd7 Rc1+ 38. Kg2 Qc6+ 39. Kh3 Qe4 40. Qxd4+ Qxd4 41. Rxd4 Rc2 42. a4 Rxb2 43. Kg2 Kg7 44. Rd6 Kf6 45. Bd7 Ke7 46. Rxe6+ Kxd7 47. Rxh6 g4 48. Rg6 Rb4 49. a5 Ra4 50. a6 Ke7 51. a7 Kf7 52. Rxg4 Rxa7 53. h4 Ra1 54. Rg5 Ra8 55. h5 Kf6 56. f4 1-0

[Event "Reykjavik op"]
[Site "Reykjavik"]
[Date "2025.04.13"]
[Round "7"]
[White "Hallsson, Jon Eggert"]
[Black "Eustratiadis, Panagiotis"]
[Result "0-1"]
[WhiteElo "1869"]
[BlackElo "1579"]
[PlyCount "120"]
[EventDate "2025.04.09"]
[EventType "swiss"]
[EventRounds "9"]
[EventCountry "ISL"]
[SourceTitle "CB17_2025"]
[SourceDate "2025.04.23"]
[SourceVersion "1"]
[SourceVersionDate "2025.04.23"]
[SourceQuality "1"]

1. e4 e6 2. d4 d5 3. Nc3 dxe4 4. Nxe4 Nd7 5. Qd3 Ngf6 6. Bg5 Be7 7. Nxf6+ Nxf6 8. 0-0-0 0-0 9. Nf3 h6 10. h4 Qd5 11. Kb1 Re8 12. Ne5 Qe4 13. Qd2 hxg5 14. hxg5 Nd5 15. Bd3 Qf4 16. Qe2 Bxg5 17. Qh5 Bh6 18. g3 Qf6 19. Nxf7 Qxf7 20. Bg6 Qf8 21. Bxe8 Nf6 22. Qg6 Qxe8 23. Rxh6 Qxg6 24. Rxg6 Kf7 25. Rg5 Bd7 26. c4 Rh8 27. Re1 Bc6 28. f4 Rh1 29. Rge5 Rxe1+ 30. Rxe1 Ne4 31. g4 Nd2+ 32. Kc2 Nxc4 33. Kc3 Nd6 34. Kd3 Bd5 35. b3 Kf6 36. Ke3 g5 37. Re2 Nb5 38. Rd2 c6 39. a4 Nd6 40. Rh2 gxf4+ 41. Kxf4 Bxb3 42. g5+ Kg7 43. Re2 b5 44. axb5 cxb5 45. Re1 a5 46. Rc1 Bc4 47. d5 exd5 48. Ke5 Ne4 49. Kf5 a4 50. g6 a3 51. Rh1 Nf6 52. Re1 Bd3+ 53. Kg5 Bxg6 54. Re7+ Bf7 55. Ra7 b4 56. Ra4 d4 57. Rxb4 d3 58. Rb1 d2 59. Rd1 a2 60. Kf4 Bb3 0-1

[Event "Reykjavik op"]
[Site "Reykjavik"]
[Date "2023.03.30"]
[Round "3"]
[White "Banerjee, Sanjoy K"]
[Black "Hallsson, Jon Eggert"]
[Result "0-1"]
[WhiteElo "1566"]
[BlackElo "1747"]
[PlyCount "76"]
[EventDate "2023.03.29"]
[EventType "swiss"]
[EventRounds "9"]
[EventCountry "ISL"]
[SourceTitle "CBM 213 Extra"]
[Source "ChessBase"]
[SourceDate "2023.05.31"]
[SourceVersion "1"]
[SourceVersionDate "2023.05.31"]
[SourceQuality "1"]

1. d4 e6 2. c4 f5 3. g3 Nf6 4. Bg2 Be7 5. Nf3 0-0 6. 0-0 d6 7. Nc3 Ne4 8. Be3 Nxc3 9. bxc3 Nc6 10. Nd2 e5 11. f3 Bf6 12. Nb3 Qe8 13. Qd2 a5 14. a4 Qg6 15. Qc2 Ne7 16. Bf2 Be6 17. Nd2 Rad8 18. Rab1 b6 19. c5 bxc5 20. dxe5 Bxe5 21. f4 Bf6 22. Rb5 Nd5 23. Nb1 Ra8 24. e4 fxe4 25. Bxe4 Qh5 26. f5 Bf7 27. Qd3 c6 28. Rb7 Be5 29. Be1 Qg4 30. Bf3 Qxa4 31. Bd1 Qa1 32. Bc2 c4 33. Qf3 Rab8 34. Rxb8 Rxb8 35. Bd2 Qb2 36. Qe4 Qb6+ 37. Kh1 Nf6 38. Qh4 Bd5+ 0-1

[Event "Reykjavik Taflfelag op"]
[Site "Reykjavik"]
[Date "2019.11.20"]
[Round "6"]
[White "Sigurdsson, Sigurdur J"]
[Black "Hallsson, Jon Eggert"]
[Result "1-0"]
[WhiteElo "1472"]
[BlackElo "1738"]
[PlyCount "93"]
[EventDate "2019.10.16"]
[EventType "swiss"]
[EventRounds "7"]
[EventCountry "ISL"]
[SourceTitle "CBM 193 Extra"]
[Source "ChessBase"]
[SourceDate "2020.01.31"]
[SourceVersion "1"]
[SourceVersionDate "2020.01.31"]
[SourceQuality "1"]

1. c4 f5 2. Nc3 Nf6 3. g3 e6 4. Bg2 Bb4 5. Qc2 0-0 6. a3 Bxc3 7. Qxc3 a5 8. d4 d6 9. Bg5 Qe8 10. Bxf6 Rxf6 11. Nf3 Nc6 12. d5 Nd8 13. dxe6 Nxe6 14. 0-0 a4 15. Nd4 Nc5 16. e3 Be6 17. Nxe6 Nxe6 18. Bxb7 Ng5 19. h4 Ne4 20. Qc2 Rb8 21. Bxe4 fxe4 22. Rad1 Rg6 23. Rd4 Rg4 24. Kh2 Qe5 25. Kg2 c5 26. Rd2 Rb3 27. Qd1 h5 28. Rd5 Qxb2 29. Rxh5 Rg6 30. Qd5+ Kf8 31. Rh8+ Ke7 32. Qxe4+ Re6 33. Re8+ Kxe8 34. Qxe6+ Kf8 35. Qxd6+ Kg8 36. Qe6+ Kh8 37. Rd1 Qf6 38. Qe8+ Kh7 39. Rd5 g6 40. g4 Rb7 41. Rd8 Qg7 42. h5 Rf7 43. hxg6+ Kxg6 44. Qe4+ Kh6 45. Rd6+ Kg5 46. Kg3 Rxf2 47. Qd5+ 1-0

[Event "Reykjavik op"]
[Site "Reykjavik"]
[Date "2019.04.13"]
[Round "6"]
[White "Bjornsson, Tomas"]
[Black "Hallsson, Jon Eggert"]
[Result "1-0"]
[WhiteElo "2156"]
[BlackElo "1710"]
[PlyCount "57"]
[EventDate "2019.04.08"]
[EventType "swiss"]
[EventRounds "9"]
[EventCountry "ISL"]
[SourceTitle "CBM 189 Extra"]
[Source "ChessBase"]
[SourceDate "2019.05.31"]
[SourceVersion "1"]
[SourceVersionDate "2019.05.31"]
[SourceQuality "1"]

1. e4 e6 2. d4 d5 3. e5 c5 4. c3 Nc6 5. Nf3 Bd7 6. Be2 Nge7 7. Na3 cxd4 8. cxd4 Nf5 9. Nc2 Qa5+ 10. Bd2 Qb6 11. Bc3 Be7 12. 0-0 0-0 13. Bd3 Nb4 14. Nxb4 Bxb4 15. Qd2 a5 16. a3 Be7 17. Qc2 Bb5 18. Qb3 Bb4 19. Bxb5 Bxc3 20. bxc3 a4 21. Qb4 Rfc8 22. Rfc1 Qd8 23. Bd3 f6 24. Bxf5 exf5 25. exf6 Qxf6 26. Qxb7 Rab8 27. Qxd5+ Kh8 28. Ne5 g5 29. Nd7 1-0

[Event "Reykjavik TR CC-C"]
[Site "Reykjavik"]
[Date "2018.09.19"]
[Round "4"]
[White "Heidarsson, Arnar Milutin"]
[Black "Hallsson, Jon Eggert"]
[Result "0-1"]
[WhiteElo "1749"]
[BlackElo "1695"]
[PlyCount "50"]
[EventDate "2018.09.09"]
[EventType "tourn"]
[EventRounds "7"]
[EventCountry "ISL"]
[SourceTitle "CBM 187 Extra"]
[Source "ChessBase"]
[SourceDate "2018.11.04"]
[SourceVersion "1"]
[SourceVersionDate "2018.11.04"]
[SourceQuality "1"]

1. e4 e6 2. d4 d5 3. Nd2 Nf6 4. e5 Nfd7 5. Ngf3 c5 6. c3 Nc6 7. Be2 cxd4 8. cxd4 f6 9. exf6 Nxf6 10. 0-0 Bd6 11. Re1 0-0 12. Nb3 Qc7 13. Bd3 e5 14. dxe5 Nxe5 15. Nxe5 Bxe5 16. h3 Bd7 17. Qc2 Bc6 18. Be3 Bh2+ 19. Kh1 Bf4 20. Nd4 Rae8 21. Bxf4 Qxf4 22. Ne6 Rxe6 23. Rxe6 Qh4 24. Re2 d4 25. b4 Qxh3+ 0-1

[Event "Reykjavik op"]
[Site "Reykjavik"]
[Date "2018.03.13"]
[Round "8"]
[White "Marshall, Michael"]
[Black "Hallsson, Jon Eggert"]
[Result "0-1"]
[WhiteElo "1890"]
[BlackElo "1684"]
[PlyCount "64"]
[EventDate "2018.03.06"]
[EventType "swiss"]
[EventRounds "9"]
[EventCountry "ISL"]
[SourceTitle "CBM 183 Extra"]
[Source "ChessBase"]
[SourceDate "2018.04.19"]
[SourceVersion "1"]
[SourceVersionDate "2018.04.19"]
[SourceQuality "1"]

1. d4 f5 2. Bg5 Nf6 3. Bxf6 exf6 4. c4 d5 5. e3 Bb4+ 6. Nc3 0-0 7. Qb3 Bxc3+ 8. Qxc3 Re8 9. cxd5 f4 10. Bc4 fxe3 11. fxe3 f5 12. Ne2 Qh4+ 13. g3 Qe4 14. Kf2 Kh8 15. Rhe1 Nd7 16. Nf4 Nf6 17. h3 g5 18. Ne6 Bxe6 19. dxe6 g4 20. Be2 Rxe6 21. Qd3 Qd5 22. Qc4 Qd6 23. Bd3 Rf8 24. h4 Ne4+ 25. Bxe4 fxe4+ 26. Ke2 Ref6 27. Rf1 Qxg3 28. Rxf6 Rxf6 29. Rf1 Rxf1 30. Kxf1 Qf3+ 31. Kg1 Qxe3+ 32. Kf1 Qd3+ 0-1

[Event "Reykjavik op"]
[Site "Reykjavik"]
[Date "2018.03.07"]
[Round "3"]
[White "Hallsson, Jon Eggert"]
[Black "Birkisson, Bjorn Holm"]
[Result "0-1"]
[WhiteElo "1684"]
[BlackElo "2022"]
[PlyCount "62"]
[EventDate "2018.03.06"]
[EventType "swiss"]
[EventRounds "9"]
[EventCountry "ISL"]
[SourceTitle "CBM 183 Extra"]
[Source "ChessBase"]
[SourceDate "2018.04.19"]
[SourceVersion "1"]
[SourceVersionDate "2018.04.19"]
[SourceQuality "1"]

1. e4 c5 2. Nc3 Nc6 3. Nge2 g6 4. g3 Bg7 5. Bg2 e6 6. 0-0 Nge7 7. d3 0-0 8. h3 d6 9. f4 a6 10. a4 Rb8 11. g4 f5 12. Ng3 d5 13. gxf5 exf5 14. Nxd5 Nxd5 15. exd5 Nb4 16. c4 Qh4 17. Qf3 Re8 18. Kh2 Bd7 19. a5 Nc2 20. Rb1 Re7 21. Qf2 Nb4 22. Ne4 Qxf2 23. Nxf2 Bd4 24. Bd2 Re2 25. Bxb4 cxb4 26. Nh1 Rbe8 27. Ng3 Rxb2 28. Rxb2 Bxb2 29. Rf2 Bd4 30. Rd2 b3 31. Re2 b2 0-1

[Event "Gardabaer op"]
[Site "Gardabaer"]
[Date "2015.11.05"]
[Round "3"]
[White "Mai, Alexander Oliver"]
[Black "Hallsson, Jon Eggert"]
[Result "0-1"]
[WhiteElo "1259"]
[BlackElo "1684"]
[PlyCount "104"]
[EventDate "2015.10.26"]
[EventType "swiss"]
[EventRounds "7"]
[EventCountry "ISL"]
[SourceTitle "EXT 2017"]
[Source "ChessBase"]
[SourceDate "2016.10.25"]
[SourceVersion "1"]
[SourceVersionDate "2016.10.25"]
[SourceQuality "1"]

1. e4 d6 2. d4 Nf6 3. Nc3 e5 4. dxe5 dxe5 5. Qxd8+ Kxd8 6. Bg5 Be6 7. 0-0-0+ Bd6 8. Nf3 Ke7 9. Bd3 c6 10. h3 Nbd7 11. Rhe1 h6 12. Be3 g5 13. Nd2 b5 14. Kb1 Nc5 15. Nb3 Bxb3 16. cxb3 b4 17. Bxc5 Bxc5 18. Na4 Bxf2 19. Re2 Bd4 20. Rc2 Rac8 21. Rdc1 Kd6 22. Rf1 Ke7 23. Rc4 c5 24. Rfc1 Nd7 25. R4c2 h5 26. Bb5 g4 27. Bxd7 Kxd7 28. Nxc5+ Bxc5 29. Rxc5 Rxc5 30. Rxc5 Kd6 31. Rc2 gxh3 32. gxh3 Rg8 33. Rf2 Ke6 34. Rf5 Rg1+ 35. Kc2 Rg2+ 36. Kc1 Re2 37. Rxh5 Rxe4 38. Kd2 a5 39. Kd3 Rd4+ 40. Ke3 f5 41. Rh6+ Kd5 42. Ra6 f4+ 43. Ke2 Ke4 44. Rxa5 f3+ 45. Ke1 Kf4 46. Rc5 e4 47. Rc4 Rxc4 48. bxc4 Kg3 49. Kf1 e3 50. c5 e2+ 51. Ke1 Kg2 52. c6 f2+ 0-1

[Event "ISL-ch sf"]
[Site "Kopavogur"]
[Date "2014.06.01"]
[Round "9"]
[White "Heimisson, Hilmir Freyr"]
[Black "Hallsson, Jon Eggert"]
[Result "1-0"]
[WhiteElo "1810"]
[BlackElo "1691"]
[PlyCount "63"]
[EventDate "2014.05.23"]
[EventType "swiss"]
[EventRounds "9"]
[EventCountry "ISL"]
[SourceTitle "CBM 160 Extra"]
[Source "ChessBase"]
[SourceDate "2014.07.01"]
[SourceVersion "1"]
[SourceVersionDate "2014.07.01"]
[SourceQuality "1"]

1. e4 e6 2. d4 d5 3. exd5 exd5 4. c4 Nf6 5. Nc3 Be6 6. Nf3 dxc4 7. Bg5 Be7 8. Be2 c6 9. 0-0 h6 10. Bf4 Nbd7 11. Re1 Nd5 12. Bg3 N7f6 13. Ne5 Nxc3 14. bxc3 Ne4 15. Bxc4 Nxc3 16. Qf3 Bxc4 17. Nxc4 Nb5 18. Qe4 Kf8 19. a4 Nc3 20. Qf3 Nd5 21. Rab1 b6 22. Ne5 Bf6 23. Nxc6 Qd7 24. Nb8 Qd8 25. Rb5 Rxb8 26. Bxb8 Nc7 27. Bxc7 Qxc7 28. Qa8+ Qd8 29. Qxd8+ Bxd8 30. Rbe5 g6 31. Re8+ Kg7 32. Rxh8 1-0

[Event "ISL-ch sf"]
[Site "Kopavogur"]
[Date "2014.05.31"]
[Round "8"]
[White "Hallsson, Jon Eggert"]
[Black "Palmarsson, Erlingur Atli"]
[Result "1-0"]
[WhiteElo "1691"]
[BlackElo "1343"]
[PlyCount "55"]
[EventDate "2014.05.23"]
[EventType "swiss"]
[EventRounds "9"]
[EventCountry "ISL"]
[SourceTitle "CBM 160 Extra"]
[Source "ChessBase"]
[SourceDate "2014.07.01"]
[SourceVersion "1"]
[SourceVersionDate "2014.07.01"]
[SourceQuality "1"]

1. e4 d5 2. e5 Bf5 3. d4 e6 4. Bd3 Bxd3 5. Qxd3 c5 6. c3 cxd4 7. cxd4 Bb4+ 8. Nc3 Nc6 9. Nge2 h6 10. a3 Ba5 11. b4 Bb6 12. Nb5 Bc7 13. Qg3 g6 14. Be3 Nge7 15. 0-0 Nf5 16. Qf3 a6 17. Nxc7+ Qxc7 18. g4 Nxe3 19. fxe3 Qe7 20. Qg3 Kd7 21. Rf6 g5 22. Raf1 Nd8 23. Nc3 b5 24. e4 dxe4 25. Nxe4 Rh7 26. Qf3 Ke8 27. Nd6+ Kf8 28. Qxa8 1-0

[Event "ISL-ch sf"]
[Site "Kopavogur"]
[Date "2014.05.28"]
[Round "5"]
[White "Birkisson, Bjorn Holm"]
[Black "Hallsson, Jon Eggert"]
[Result "1-0"]
[WhiteElo "1593"]
[BlackElo "1691"]
[PlyCount "73"]
[EventDate "2014.05.23"]
[EventType "swiss"]
[EventRounds "9"]
[EventCountry "ISL"]
[SourceTitle "CBM 160 Extra"]
[Source "ChessBase"]
[SourceDate "2014.07.01"]
[SourceVersion "1"]
[SourceVersionDate "2014.07.01"]
[SourceQuality "1"]

1. e4 e6 2. d4 d5 3. exd5 exd5 4. Bd3 Nf6 5. Bf4 Bd6 6. Bxd6 Qxd6 7. Ne2 0-0 8. c3 c5 9. dxc5 Qxc5 10. 0-0 Nc6 11. Ng3 Bg4 12. Qc2 Rad8 13. h3 Bc8 14. Nd2 Ne5 15. Nb3 Qb6 16. Bf5 g6 17. Bxc8 Rxc8 18. Rfe1 Rfe8 19. Rad1 Nc4 20. Ne2 a5 21. a4 Re4 22. Ng3 Re6 23. Rxe6 fxe6 24. Re1 e5 25. Re2 Qc6 26. Nd2 e4 27. Nxc4 Qxc4 28. Rd2 Nd7 29. Qd1 Nb6 30. Rd4 Qa2 31. Nxe4 dxe4 32. Rd8+ Kf7 33. Rd7+ Ke8 34. Rxb7 Qe6 35. Rxh7 Qf6 36. Qb3 Rd8 37. Qg8+ 1-0